01629cam a22003974i 4500003000900000005001700009008004100026020001500067035002700082040003300109049000900142082002100151100003200172245007600204264006700280300003800347336002100385337002500406338002300431505014500454526000900599526000900608526000800617526000800625526000800633526000800641650003200649910001800681942001400699949012800713994001400841596000600855999015400861980005501015952016101070PE-LiUPU20250731175645.0150616s r 000 0 d a0805410430 a(Sirsi) i9780805410433 aPE-LiUPUbspacPE-LiUPUerda aPRUA04a487.415bE112211 aEasley, Kendell H.,eautor.10aUser-Friendly Greek a Common Sense Approach to the Greek New Testament. 1aNashville, Tennessee :bBroadman and Holman Publishers,c1994. a167 páginas ;c22 centímetros atext2rdacontent aunmediated2rdamedia avolume2rdacarrier0 aFrom words to paragraphs.- The greek paragraph.- The sense of greek tense.- Sanity about moods.- Genitive case forms.- Patterns in the text. aP145 aP127 aP97 aP35 aP14 aP0704aGRIEGO BIBLICO - GRAMATICA. ajckbjvqcjck 2ddccBOOK a487.415 E11wDEWEYc1i42396lCCODEBUL1mBULr0sYtBOOKu2015-6-16xTEOLOGIAzUNKNOWN0COMPRAo.STAFF. Colección General aC0bPEPRU a1 a487.415 E11wDEWEYc60232i42396f2021-11-12g6lCCODEBUL1mBULr0sYtBOOKu2015-6-16xTEOLOGIAzUNKNOWN0COMPRAo.STAFF. Colección Generald60232 81gALBERTO SANCHEZ Responsable de Automatización r2025-12-02 00:00:00i7l0o487.415 E11p42396te1w2015-06-16xFACIHEDyBKzinventario-2023-12-13102ddc50708GENfP14aBULbBULcGENd2015-06-16eCOMPRA